000 00293nam a22001337a 4500
008 181102b xxu||||| |||| 00| 0 eng d
020 _a0060669977
041 _aeng
080 _a101
100 _a24
101 _aFIL
245 _aIntroduction to Philosophy
_cEvans,R.A
942 _2udc
_cBK
999 _c51773
_d51773